01542nam a2200349 a 4500001001000000003000500010005001700015008004100032010001100073011001100084040000900095090001000104100003500114245014200149260004100291500006000332502013000392590004100522590004100563590004100604590004000645590004000685650004200725650003800767856007000805901000700875942001000882942000600892999001900898952013500917952014001052000108620CHAP20220329144018.0140227s2012 mx sm |||||||spa d a105082 a106054 cCHAP aTesis1 aEsquivel Garay, Daniel912565710aEstudio de mercado de la cantera laminada en el municipio de Chimalhuacán, Estado de Méxicoh[En línea]cpor Daniel Esquivel Garay. aChapingo, Méx. :bEl autor,c2012. aPara ver el contenido del material haga clic en la liga aTesis (Lic. en Comercio Internacional de Productos Agropecuarios) -- UACH. División de Ciencias Económico-Administrativas aBATCH-UPDb10c20140324lUCH01h1536 aBATCH-UPDb10c20141002lUCH01h0856 aE11695DGDb10c20140304lUCH01h0935 aE5765TAJb05c20140227lUCH01h1314 aE5765TAJb05c20140227lUCH01h131514aConstrucciónxMateriales de.92738714aMercadoszMéxico (Edo.).974940 aFinding aiduhttp://10.13.5.2/tesis/sist108620.pdfzTeclea aquí aBK cTESIS n0 c105082d105082 00102local4051708TESISaBCbBCcPA_TESISd2014-02-27fTESISl0oTesisp33724002359397r2019-12-31 00:00:00w2014-02-27yTESIS 00102local4053708TESISaBCbBCcPA_TESISd2014-02-27fTESISl0oTesisp33724002359439r2019-12-31 00:00:00tc.2w2019-12-31yTESIS